000 01258nam a2200373 a 4500
001 000110445
003 CHAP
005 20220329144133.0
008 140828s2006 mx a |r| ||||||spa d
010 _a106907
011 _a107879
020 _a9707530456
040 _cCHAP
082 0 4 _a972.48004
_bG56
100 1 _aGámez Espinosa, Alejandra
_9127554
245 1 0 _aPopolocas /
_cpor Alejandra Gámez Espinosa.
260 _aMéxico :
_bComisión Nacional para el Desarrollo de los Pueblos Indígenas,
_c2006.
300 _a58 p. :
_bil.
490 1 _aPueblos Indígenas del México Contemporáneo
590 _aBATCH-UPD
_b05
_c20140828
_lUCH01
_h1441
590 _aE5995AHE
_b05
_c20140828
_lUCH01
_h1428
590 _aE5995AHE
_b05
_c20140828
_lUCH01
_h1440
590 _aE5995AHE
_b05
_c20140828
_lUCH01
_h1441
650 1 4 _aIndios de Oaxaca
_xPopolocas.
_9128079
650 1 4 _aIndios de Puebla
_xPopolocas.
_9128078
650 1 4 _aPopolocas
_xHistoria.
_9128084
650 1 4 _aPopolocas
_xHistoria.
_9128084
650 1 4 _aPopolocas
_xReligión y mitiología.
_9128082
650 1 4 _aPopolocas
_xVida social y costumbres.
_9128080
830 0 _aPueblos Indígenas del México Contemporáneo
_992892
901 _aBK
942 _cLIBRO
942 _n0
999 _c106907
_d106907